İstanbul'un deprem gerçeği/ (Record no. 14783)
[ view plain ]
| 000 -BAŞLIK | |
|---|---|
| Sabit Uzunlukta Kontrol Alanı | 00916nam a2200265 4500 |
| 999 ## - SİSTEM KONTROL NUMARALARI (KOHA) | |
| Koha Biblionumber | 14783 |
| Koha Biblioitemnumber | 14783 |
| 003 - KONTROL NUMARASI IDENTIFIER | |
| Denetim Alanı | MIRAKIL |
| 005 - SON İŞLEM TARİHİ VE ZAMANI | |
| Denetim Alanı | 20220131122540.0 |
| 008 - SABİT-BOY VERİ ELEMANLARI - GENEL BİLGİLER | |
| Sabit Uzunlukta Kontrol Alanı | 220131b tu ||||| |||| 00| 0 tur d |
| 020 ## - ULUSLARARASI STANDART KİTAP NUMARASI | |
| Uluslararası Standart Kitap Numarası | 9786257288576 |
| 040 ## - KATALOGLAMA KAYNAK | |
| Orijinal Kataloglama Ajansı | TR-AnCHP |
| Metne Dönüştürmek Ajansı | TR-AnCHP |
| 041 ## - DİL KODU | |
| Metin / Ses Parça Veya Ayrı Başlığın Dil Kodu | tur |
| 082 ## - DEWEY ONLU SINIFLANDIRMA NUMARASI | |
| Sınıflandırma Numarası | 551.226 |
| Ürün Numarası | K89i 2021 |
| 100 ## - ANA GİRİŞ - KİŞİSEL İSİM | |
| Kişisel Ad | Kuzucu, Kemalettin |
| 245 10 - BAŞLIK TABLOSU | |
| Başlık | İstanbul'un deprem gerçeği/ |
| Sorumluluk Tablosu, Vb | Kemalettin Kuzucu, Naci Görür, Mikdat Kadıoğlu, Mehmet Nuray Aydınoğlu,... ve öte. |
| 260 ## - YAYIN, DAĞITIM, VB | |
| Yayın, Dağıtım, Vb Yeri | İstanbul: |
| Yayıncı, Dağıtıcı, Vs Adı | İstanbul Büyükşehir Belediyesi, |
| Yayın, Dağıtım, Vb Tarihi | 2021. |
| 300 ## - FİZİKSEL TANIM | |
| Kapsam | 542 s.: |
| Diğer Fiziksel Ayrıntıları | fotg.; |
| Boyutlar | 27 sm. |
| 504 ## - KAYNAKÇA VB NOT | |
| Kaynakça Vb Notu | Dizin vardır. |
| 504 ## - KAYNAKÇA VB NOT | |
| Kaynakça Vb Notu | Kaynakça bölüm sonlarındadır. |
| 650 #0 - KONU KATMA GİRİŞ - TOPİKAL DÖNEM | |
| 9 (RLIN) | 5670 |
| Topikal Süreli Veya Coğrafi Ad Giriş Elemanı | Depremler |
| Genel Alt Bölümü | İstanbul |
| 651 #0 - KONU KATMA GİRİŞ - COĞRAFİ ADI | |
| 9 (RLIN) | 5576 |
| Coğrafi İsim | İstanbul (Türkiye) |
| Genel Alt Bölümü | Depremler |
| -- | Sorunlar ve çözümler |
| 700 ## - KATMA GİRİŞ - KİŞİSEL İSİM | |
| 9 (RLIN) | 6958 |
| Kişisel Ad | Görür, Naci |
| 700 ## - KATMA GİRİŞ - KİŞİSEL İSİM | |
| 9 (RLIN) | 6959 |
| Kişisel Ad | Kadıoğlu, Mikdat |
| 700 ## - KATMA GİRİŞ - KİŞİSEL İSİM | |
| 9 (RLIN) | 6960 |
| Kişisel Ad | Aydınoğlu, Mehmet Nuray |
| 942 ## - EKLENDİ GİRİŞ ELEMANLARI (KOHA) | |
| Sınıflandırma Veya Raf Düzeni Kaynak | Dewey Decimal Classification |
| Koha Öğesi Türü | Books |
| Kalıcı Konum | Mevcut Konum | Edinme Tarihi | Toplam Check-Out'Lar | Tam Çağrı Numarası | Barkod | Tarih Son Görülme | İtibaren Geçerli Fiyatlar | Koha Öğesi Türü |
|---|---|---|---|---|---|---|---|---|
| CHP Kütüphanesi | CHP Kütüphanesi | 01/31/2022 | 551.226 K89i 2021 | 020279 | 01/31/2022 | 01/31/2022 | Books | |
| CHP Kütüphanesi | CHP Kütüphanesi | 05/17/2022 | 551.226 K89i 2021 | 020443 | 05/17/2022 | 05/17/2022 | Books |
